most guessed on football hall of famers - Statistics

General Stats
  • This quiz has been taken 21 times
  • The average score is 25 of 33
Answer Stats
Team Position Percentage Answer % Correct
49ers WR 82 Jerry Rice
100%
49er QB 86 Joe Montana
100%
Cowboys RB 86 Emmitt Smith
93%
Broncos QB 72 John Elway
93%
Packers QB 71 Brett Favre
87%
Bills DE 85 Bruce Smith
87%
Cowboys Coach 67 Jimmy Johnson
87%
Lions RB 77 Barry Sanders
80%
Dolphins QB 73 Dan Marino
80%
Cowboys CB 77 Deion Sanders
80%
Cowboys TE 85 Jackie Smith
80%
Browns RB 81 Jim Brown
80%
Giants LB 75 Lawrence Taylor
80%
49ers QB 79 Steve Young
80%
Raiders WR 80 Tim Brown
80%
Packers QB 70 Bart Starr
73%
Dolphins DE 74 Jason Taylor
73%
Packers FB 73 Jim Taylor
73%
Browns Coach 79 Paul Brown
73%
Steelers QB 74 Terry Bradshaw
73%
Bears RB 69 Walter Payton
73%
Redskins CB 73 Darrell Green
67%
Rams DE 75 Deacon Jones
67%
Steelers RB 67 Franco Harris
67%
Colts QB 67 Johnny Unitas
67%
Rams QB 65 Kurt Warner
67%
Cowboys DT 70 Randy White
67%
Eagles DE 71 Reggie White
67%
Bears OL 75 Stan Jones
67%
Broncos RB 64 Terrell Davis
67%
Cowboys QB 69 Troy Aikman
67%
Seahawks OL 75 Walter Jones
67%
Bills QB 64 Jim Kelly
53%
No matching quizzes found
Score Distribution
Percent of People with Each Score
Percentile by Number Answered
Your Score History
You have not taken this quiz